00365nam a2200121Ia 4500008004100000020001800041082001500059100002200074245008000096260004700176300001000223600001000233250826s9999 xx 000 0 und d a9789696060314 a297.63 AHM aAhmed, Israr, Dr. 0aSeerat Un Nabi (S.A.W) Aur Hamari Zindagi:bRasoor E Akram (S.A.W.) Aur Ham aLahore:bMaktaba E Khuddam Ul Quran,c2023 a516p. aIslam